Democracy, accountability and representation. Parte Two: The Structure of Government and Accountability /
محفوظ في:
| المؤلف الرئيسي: | |
|---|---|
| مؤلفون آخرون: | |
| التنسيق: | نص |
| منشور في: |
Cambridge:
Cambridge University Press
|
| الوسوم: |
إضافة وسم
لا توجد وسوم, كن أول من يضع وسما على هذه التسجيلة!
|
MARC
| LEADER | 00000 a a2200000 04500 | ||
|---|---|---|---|
| 001 | 28783 | ||
| 003 | |||
| 040 | |a CRAI/IIS |c CRAI/IIS | ||
| 020 | |a 0 521 64616 2 | ||
| 090 | |a 189611 | ||
| 100 | |a Przeworski, Adam | ||
| 245 | |a Democracy, accountability and representation. Parte Two: The Structure of Government and Accountability / |c Adam Przeworski | ||
| 260 | |a Cambridge: |b Cambridge University Press | ||
| 300 | |a 351 p | ||
| 500 | |a Al final de la obra se encuentra un índice de autores y otro temático | ||
| 700 | |a ed. |a Stokes, Susan C |a ed. |a Manin, Bernard |a ed. | ||
| 999 | |c 16829 |d 16829 | ||
